000 00376nam a22001697a 4500
005 20160628151511.0
008 160628b xxu||||| |||| 00| 0 eng d
020 _a978-87-7989-749-6
041 _aeng
082 _b10623
100 _aHubard, L. Ron
_93102
245 _aScientology 8-80
260 _bNew Era
300 _a180
650 _aManagement
_9241
942 _cBK
999 _c4510
_d4509